000 00267nam a2200145Ia 4500
100 _aJesia/Avan
650 _aFiction
942 _cBK
245 _aTower
260 _bPenguin
_c2012
082 _a808.8
_bJES
300 _a402
546 _aENGLISH
999 _c30376
_d30376